000 00764cab a2200217 4500
001 WB3415-48
008 090401t1998 xxu||||| |||| 00| 0 eng d
035 _a(Sirsi) u85782
041 _aeng
245 _aPrivity of contract
260 _c1998
350 _a0
490 _aEstates Gazette Case Summaries
_v(1998) EGCS 60, (1)
520 _a"Beegas Nominees Ltd v BHP Petroleum Ltd and others Sevington Properties Ltd v Adams and another" CA 3 April 1998. Held, a memorandum did not permit the agreement for stepped rents, which was an obligation, not comtemplated by the original lease.
650 _aBEEGAS V BHP
650 _aLEASE
650 _aPRIVITY OF CONTRACT
690 _aLANDLORD AND TENANT-CASE LAW
942 _n0
948 _c23/04/1998
999 _c53955
_d53955